[Event "SWE-chB"]
[Site "Stockholm"]
[Date "2017.07.12"]
[Round "5"]
[White "Johansson, Jan"]
[Black "Engqvist, Thomas"]
[Result "1-0"]
[WhiteElo "2341"]
[BlackElo "2347"]
[PlyCount "97"]
[EventDate "2017.07.08"]
[EventType "tourn"]
[EventRounds "9"]
[EventCountry "SWE"]
[EventCategory "4"]
[SourceTitle "EXT 2018"]
[Source "ChessBase"]
[SourceDate "2017.10.13"]
[SourceVersion "1"]
[SourceVersionDate "2017.10.13"]
[SourceQuality "1"]
1. d4 d5 2. c4 c6 3. Nf3 Nf6 4. Qc2 g6 5. Bf4 Bf5 6. Qb3 Qb6 7. e3 Na6 8. Nc3
Qxb3 9. axb3 Nb4 10. Ra4 Nd3+ 11. Bxd3 Bxd3 12. Kd2 Be4 13. Rha1 a6 14. Ne1 Bf5
15. Be5 Rd8 16. cxd5 cxd5 17. Ra5 Be6 18. Nd3 Rg8 19. Nf4 Bh6 20. Nxe6 fxe6 21.
R1a4 Nd7 22. Bg3 Ra8 23. Rb4 b6 24. Ra1 Kf7 25. Rba4 e5 26. Bxe5 Nxe5 27. dxe5
a5 28. Kd3 Ke6 29. f4 g5 30. Nb5 Rac8 31. Nd4+ Kf7 32. g3 Kg6 33. b4 Kh5 34.
bxa5 bxa5 35. Rxa5 Kg4 36. Ra7 Bf8 37. Ra8 Bg7 38. Rxc8 Rxc8 39. b4 Kh3 40. b5
Kxh2 41. b6 g4 42. Nf5 Bf8 43. e6 h5 44. b7 Rb8 45. Rb1 h4 46. Nxh4 Kxg3 47.
Ng6 d4 48. Nxf8 dxe3 49. Kxe3 1-0

[Event "SWE-chB"]
[Site "Stockholm"]
[Date "2017.07.12"]
[Round "5"]
[White "Von Bahr, Oskar"]
[Black "Thorn, Eric"]
[Result "1/2-1/2"]
[WhiteElo "2423"]
[BlackElo "2325"]
[PlyCount "162"]
[EventDate "2017.07.08"]
[EventType "tourn"]
[EventRounds "9"]
[EventCountry "SWE"]
[EventCategory "4"]
[SourceTitle "EXT 2018"]
[Source "ChessBase"]
[SourceDate "2017.10.13"]
[SourceVersion "1"]
[SourceVersionDate "2017.10.13"]
[SourceQuality "1"]
1. e4 e5 2. Nf3 Nc6 3. Bb5 a6 4. Ba4 Nf6 5. O-O Be7 6. d3 d6 7. c3 O-O 8. Re1
b5 9. Bc2 d5 10. Nbd2 dxe4 11. dxe4 Bc5 12. Nb3 Bb6 13. Qxd8 Rxd8 14. Be3 Ng4
15. Bxb6 cxb6 16. Rad1 Bb7 17. Nbd2 f6 18. Nf1 Kf8 19. N3d2 Rd6 20. f3 Nh6 21.
Ne3 Rad8 22. Ndf1 Ne7 23. Kf2 Nf7 24. Ke2 Ng5 25. Rxd6 Rxd6 26. Bb3 Bc8 27. h4
Ne6 28. Bxe6 Bxe6 29. b3 Nc6 30. Rd1 Rxd1 31. Kxd1 Ke7 32. Kd2 Kd6 33. Kd3 g6
34. Nc2 a5 35. Nd2 f5 36. exf5 gxf5 37. g3 Bf7 38. g4 e4+ 39. Ke3 exf3 40. g5
Bg6 41. Ne1 b4 42. cxb4 Nxb4 43. a3 Nd5+ 44. Kf2 Ke5 45. Nexf3+ Kf4 46. Nc4 Ke4
47. a4 f4 48. Nfe5 Bf5 49. h5 Ne3 50. h6 Be6 51. g6 Bg8 52. gxh7 Bxh7 53. Nf3
Nxc4 54. Ng5+ Kf5 55. Nxh7 Nd2 56. Nf8 Kf6 57. Nd7+ Kg6 58. Nxb6 Kxh6 59. Nc4
Nxb3 60. Kf3 Kg5 61. Nd6 Nc5 62. Nc4 Nb7 63. Ne5 Kf5 64. Nd3 Ke6 65. Kxf4 Kd5
66. Ke3 Kc4 67. Ne5+ Kd5 68. Nd3 Nd8 69. Kd2 Kc4 70. Kc2 Nc6 71. Nb2+ Kb4 72.
Kd3 Ne5+ 73. Kd4 Kb3 74. Kxe5 Kxb2 75. Kd4 Kb3 76. Kd3 Kxa4 77. Kc2 Ka3 78. Kb1
Kb3 79. Ka1 a4 80. Kb1 a3 81. Ka1 a2 1/2-1/2

[Event "SWE-chB"]
[Site "Stockholm"]
[Date "2017.07.12"]
[Round "5"]
[White "Ornstein, Axel"]
[Black "Eriksson, Johan"]
[Result "1/2-1/2"]
[WhiteElo "2356"]
[BlackElo "2391"]
[PlyCount "94"]
[EventDate "2017.07.08"]
[EventType "tourn"]
[EventRounds "9"]
[EventCountry "SWE"]
[EventCategory "4"]
[SourceTitle "EXT 2018"]
[Source "ChessBase"]
[SourceDate "2017.10.13"]
[SourceVersion "1"]
[SourceVersionDate "2017.10.13"]
[SourceQuality "1"]
1. Nf3 f5 2. d4 Nf6 3. c4 g6 4. b4 Bg7 5. Bb2 O-O 6. e3 c6 7. d5 a5 8. b5 cxb5
9. cxb5 d6 10. a4 Nbd7 11. Bc4 Nc5 12. O-O Bd7 13. Nbd2 Rc8 14. Qe2 Nfe4 15.
Bxg7 Kxg7 16. Rfc1 Qb6 17. Nxe4 Nxe4 18. Qb2+ Kg8 19. Qd4 Rc5 20. Bd3 Rfc8 21.
Rxc5 Qxc5 22. Bxe4 fxe4 23. Qxc5 Rxc5 24. Nd2 b6 25. Nxe4 Rxd5 26. Kf1 Bf5 27.
Nc3 Rc5 28. Ra3 d5 29. f3 e5 30. e4 dxe4 31. fxe4 Be6 32. Ke2 Kf7 33. Kd3 Ke7
34. Ra1 Rc4 35. Ne2 Kd6 36. Rc1 Rxc1 37. Nxc1 Kc5 38. Kc3 Bc4 39. h4 h6 40. g4
g5 41. h5 Be6 42. Nd3+ Kd6 43. Nf2 Bd7 44. Kc4 Bc8 45. Kc3 Be6 46. Kc2 Kc5 47.
Kc3 Kd6 1/2-1/2

[Event "SWE-chB"]
[Site "Stockholm"]
[Date "2017.07.12"]
[Round "5"]
[White "Akesson, Ralf"]
[Black "Ernst, Thomas"]
[Result "1-0"]
[WhiteElo "2435"]
[BlackElo "2381"]
[PlyCount "79"]
[EventDate "2017.07.08"]
[EventType "tourn"]
[EventRounds "9"]
[EventCountry "SWE"]
[EventCategory "4"]
[SourceTitle "EXT 2018"]
[Source "ChessBase"]
[SourceDate "2017.10.13"]
[SourceVersion "1"]
[SourceVersionDate "2017.10.13"]
[SourceQuality "1"]
1. d4 Nf6 2. Nf3 g6 3. Bf4 Bg7 4. e3 O-O 5. Be2 c5 6. Nbd2 cxd4 7. exd4 d5 8.
O-O Nc6 9. c3 Be6 10. Re1 h6 11. Bd3 Nh5 12. Be3 Qd6 13. Nb3 Bc8 14. Qd2 Kh7
15. h3 f5 16. Qc2 b6 17. Re2 Bd7 18. Rae1 Rae8 19. Bd2 e5 20. dxe5 Nxe5 21.
Nxe5 Bxe5 22. Nd4 Nf4 23. Bxf4 Bxf4 24. Bb5 Rxe2 25. Rxe2 Bxb5 26. Nxb5 Qd7 27.
Qd3 Bb8 28. Kf1 f4 29. f3 Rf5 30. Nd4 Re5 31. Qb5 Qxb5 32. Nxb5 a6 33. Nd4 Kg8
34. Nc6 Rxe2 35. Kxe2 Bd6 36. Kd3 Kf7 37. Kd4 Ke6 38. Nd8+ Kd7 39. Kxd5 Ba3 40.
bxa3 1-0

[Event "SWE-chB"]
[Site "Stockholm"]
[Date "2017.07.12"]
[Round "5"]
[White "Rosberg, Simon"]
[Black "Ask, Josef"]
[Result "1-0"]
[WhiteElo "2309"]
[BlackElo "2120"]
[PlyCount "81"]
[EventDate "2017.07.08"]
[EventType "tourn"]
[EventRounds "9"]
[EventCountry "SWE"]
[EventCategory "4"]
[SourceTitle "EXT 2018"]
[Source "ChessBase"]
[SourceDate "2017.10.13"]
[SourceVersion "1"]
[SourceVersionDate "2017.10.13"]
[SourceQuality "1"]
1. c4 d6 2. g3 e5 3. Bg2 Nf6 4. Nc3 Nbd7 5. d3 c6 6. Rb1 a5 7. a3 Be7 8. b4
axb4 9. axb4 Nf8 10. e4 Ng6 11. Nge2 O-O 12. O-O h6 13. h3 Nh7 14. f4 exf4 15.
Nxf4 Nxf4 16. gxf4 f5 17. b5 Bf6 18. Ne2 Qb6+ 19. Kh2 Ra2 20. c5 Qc7 21. cxd6
Qxd6 22. e5 Qe7 23. Nc3 Rxg2+ 24. Kxg2 Bh4 25. d4 Qf7 26. Kh2 Rd8 27. bxc6 bxc6
28. Be3 Nf8 29. Rb6 Kh7 30. Rg1 g5 31. Rxc6 Ne6 32. d5 Nxf4 33. Bxf4 gxf4 34.
Rgg6 Bg3+ 35. Kg2 Qxg6 36. Rxg6 Kxg6 37. Qb3 Kh5 38. Ne2 Rg8 39. Kf3 Ba6 40.
Nxf4+ Kh4 41. Qb6 1-0

[Event "SWE-chB"]
[Site "Stockholm"]
[Date "2017.07.11"]
[Round "4"]
[White "Ernst, Thomas"]
[Black "Von Bahr, Oskar"]
[Result "0-1"]
[WhiteElo "2381"]
[BlackElo "2423"]
[PlyCount "138"]
[EventDate "2017.07.08"]
[EventType "tourn"]
[EventRounds "9"]
[EventCountry "SWE"]
[EventCategory "4"]
[SourceTitle "EXT 2018"]
[Source "ChessBase"]
[SourceDate "2017.10.13"]
[SourceVersion "1"]
[SourceVersionDate "2017.10.13"]
[SourceQuality "1"]
1. e4 e5 2. Nf3 Nc6 3. Bb5 a6 4. Ba4 Nf6 5. O-O Be7 6. Re1 b5 7. Bb3 d6 8. c3
O-O 9. h3 Bb7 10. d4 Nd7 11. Nbd2 exd4 12. cxd4 Bf6 13. Nf1 Na5 14. Bc2 Re8 15.
Ng3 g6 16. Bh6 Nc4 17. b3 Na3 18. Bd3 c5 19. Bf4 Qb6 20. e5 Bg7 21. dxc5 Nxc5
22. Be3 b4 23. Be4 Rad8 24. Rc1 Nb5 25. exd6 Bxe4 26. Bxc5 Qb7 27. Bxb4 Bf8 28.
Nxe4 Rxe4 29. Rxe4 Qxe4 30. Rc4 Qe8 31. a4 Bxd6 32. Bxd6 Rxd6 33. Qc2 Nd4 34.
Nxd4 Qe1+ 35. Kh2 Rxd4 36. Qc3 Qxc3 37. Rxc3 Rd2 38. Kg3 h5 39. h4 Rd4 40. f3
Rb4 41. Kh3 Kg7 42. g3 Rd4 43. Kg2 Rd2+ 44. Kf1 a5 45. Ke1 Rb2 46. Kd1 Kf6 47.
Kc1 Rg2 48. f4 Ke6 49. Rd3 f6 50. Kb1 Kf5 51. Rd5+ Kg4 52. Rxa5 Rxg3 53. Kb2
Kxf4 54. Rc5 g5 55. Rc4+ Ke5 56. a5 Rg2+ 57. Ka3 Rg1 58. b4 g4 59. Rc5+ Kd4 60.
Rc8 g3 61. Rg8 f5 62. a6 Ra1+ 63. Kb2 Rxa6 64. Rxg3 f4 65. Rf3 Ke4 66. Rf1 f3
67. Kc3 Ke3 68. b5 Rg6 69. Kc4 f2 0-1

[Event "SWE-chB"]
[Site "Stockholm"]
[Date "2017.07.11"]
[Round "4"]
[White "Ask, Josef"]
[Black "Johansson, Jan"]
[Result "0-1"]
[WhiteElo "2120"]
[BlackElo "2341"]
[PlyCount "110"]
[EventDate "2017.07.08"]
[EventType "tourn"]
[EventRounds "9"]
[EventCountry "SWE"]
[EventCategory "4"]
[SourceTitle "EXT 2018"]
[Source "ChessBase"]
[SourceDate "2017.10.13"]
[SourceVersion "1"]
[SourceVersionDate "2017.10.13"]
[SourceQuality "1"]
1. e4 d6 2. f4 e5 3. Nf3 exf4 4. d4 g5 5. h4 g4 6. Ng1 Qf6 7. Nc3 Ne7 8. Bc4
Bh6 9. Nb5 Na6 10. Qe2 Rg8 11. Bd2 f3 12. Qf2 Bxd2+ 13. Kxd2 c6 14. Nc3 Qf4+
15. Qe3 Qxe3+ 16. Kxe3 Nb4 17. Kd2 fxg2 18. Rh2 d5 19. Bb3 Be6 20. a3 Na6 21.
Nge2 O-O-O 22. Rxg2 Ng6 23. h5 Nh4 24. Rg3 f5 25. Nf4 Bf7 26. exd5 Nf3+ 27. Kd3
Nc7 28. Rf1 cxd5 29. Nd1 Rge8 30. Ne3 Re4 31. Rfxf3 gxf3 32. Rxf3 Ne6 33. Nxe6
Bxe6 34. Nxf5 Kc7 35. Ne3 Rh4 36. Rf6 Rd6 37. h6 Rh3 38. Kd2 Kd7 39. Nf5 Bxf5
40. Rxf5 Kc6 41. Rf7 Rhxh6 42. Ba4+ b5 43. Bb3 a5 44. a4 Rh2+ 45. Kd3 b4 46.
Ra7 Kb6 47. Ra8 Rh3+ 48. Ke2 Re6+ 49. Kf2 Rh5 50. Kf3 Rf5+ 51. Kg4 Rf1 52. Bxd5
Rg6+ 53. Kh3 Rf5 54. Kh4 Rf4+ 55. Kh3 Rf5 0-1

[Event "SWE-chB"]
[Site "Stockholm"]
[Date "2017.07.11"]
[Round "4"]
[White "Thorn, Eric"]
[Black "Rosberg, Simon"]
[Result "1/2-1/2"]
[WhiteElo "2325"]
[BlackElo "2309"]
[PlyCount "91"]
[EventDate "2017.07.08"]
[EventType "tourn"]
[EventRounds "9"]
[EventCountry "SWE"]
[EventCategory "4"]
[SourceTitle "EXT 2018"]
[Source "ChessBase"]
[SourceDate "2017.10.13"]
[SourceVersion "1"]
[SourceVersionDate "2017.10.13"]
[SourceQuality "1"]
1. Nf3 d5 2. e3 Nf6 3. c4 c6 4. Nc3 g6 5. d4 Bg7 6. Be2 O-O 7. O-O dxc4 8. Bxc4
Bg4 9. h3 Bxf3 10. Qxf3 Nbd7 11. Rd1 e5 12. dxe5 Nxe5 13. Qe2 Qe7 14. Bb3 Rad8
15. e4 Rxd1+ 16. Bxd1 Rd8 17. Bc2 b5 18. f4 Nc4 19. e5 Nd7 20. Ne4 f6 21. Bb3
fxe5 22. Bxc4+ bxc4 23. Qxc4+ Kh8 24. Ng5 Nb6 25. Qb3 Nd5 26. fxe5 Bxe5 27. Bd2
Rb8 28. Qf3 Rf8 29. Qd3 Nf4 30. Bxf4 Bxf4 31. Nf3 Bh6 32. Rd1 Bg7 33. b3 Qc5+
34. Kh1 Qh5 35. Qe4 Qc5 36. Qd3 Qa5 37. Qe2 Rd8 38. Rc1 Qd5 39. Qc4 Bh6 40.
Qxd5 cxd5 41. Rd1 Kg8 42. Ne5 Rd6 43. Nc4 Rd8 44. Ne5 Rd6 45. Nc4 Rd8 46. Ne5
1/2-1/2

[Event "SWE-chB"]
[Site "Stockholm"]
[Date "2017.07.11"]
[Round "4"]
[White "Engqvist, Thomas"]
[Black "Ornstein, Axel"]
[Result "1-0"]
[WhiteElo "2347"]
[BlackElo "2356"]
[PlyCount "47"]
[EventDate "2017.07.08"]
[EventType "tourn"]
[EventRounds "9"]
[EventCountry "SWE"]
[EventCategory "4"]
[SourceTitle "EXT 2018"]
[Source "ChessBase"]
[SourceDate "2017.10.13"]
[SourceVersion "1"]
[SourceVersionDate "2017.10.13"]
[SourceQuality "1"]
1. Nf3 c5 2. c4 g6 3. g3 Bg7 4. Bg2 Nc6 5. Nc3 e6 6. e3 Nge7 7. d4 cxd4 8. exd4
d5 9. cxd5 exd5 10. O-O O-O 11. Bg5 h6 12. Bxe7 Nxe7 13. Ne5 Be6 14. Re1 Qd6
15. Qd3 a6 16. f4 Rad8 17. Na4 Qb4 18. Nc5 Bf5 19. Qc3 Qxc3 20. bxc3 b6 21.
Nxa6 Rc8 22. Re3 f6 23. Nd7 Rf7 24. Nxb6 1-0

[Event "SWE-chB"]
[Site "Stockholm"]
[Date "2017.07.11"]
[Round "4"]
[White "Eriksson, Johan"]
[Black "Akesson, Ralf"]
[Result "1/2-1/2"]
[WhiteElo "2391"]
[BlackElo "2435"]
[PlyCount "44"]
[EventDate "2017.07.08"]
[EventType "tourn"]
[EventRounds "9"]
[EventCountry "SWE"]
[EventCategory "4"]
[SourceTitle "EXT 2018"]
[Source "ChessBase"]
[SourceDate "2017.10.13"]
[SourceVersion "1"]
[SourceVersionDate "2017.10.13"]
[SourceQuality "1"]
1. d4 d5 2. c4 e6 3. Nc3 Be7 4. Nf3 Nf6 5. Bg5 O-O 6. e3 h6 7. Bxf6 Bxf6 8. Rc1
c6 9. Bd3 Nd7 10. O-O dxc4 11. Bxc4 e5 12. h3 exd4 13. exd4 Nb6 14. Bb3 Bf5 15.
Re1 Qd6 16. Ne4 Bxe4 17. Rxe4 Rad8 18. Qe2 Nd5 19. a3 Nf4 20. Qe3 Nd5 21. Qe2
Nf4 22. Qe3 Nd5 1/2-1/2

[Event "SWE-chB"]
[Site "Stockholm"]
[Date "2017.07.10"]
[Round "3"]
[White "Akesson, Ralf"]
[Black "Engqvist, Thomas"]
[Result "1-0"]
[WhiteElo "2435"]
[BlackElo "2347"]
[PlyCount "135"]
[EventDate "2017.07.08"]
[EventType "tourn"]
[EventRounds "9"]
[EventCountry "SWE"]
[EventCategory "4"]
[SourceTitle "EXT 2018"]
[Source "ChessBase"]
[SourceDate "2017.10.13"]
[SourceVersion "1"]
[SourceVersionDate "2017.10.13"]
[SourceQuality "1"]
1. d4 d5 2. c4 c6 3. Nf3 Nf6 4. e3 g6 5. Nc3 Bg7 6. Bd3 O-O 7. O-O Bg4 8. h3
Bxf3 9. Qxf3 dxc4 10. Bxc4 Nbd7 11. Rd1 e5 12. d5 e4 13. Nxe4 Nxe4 14. Qxe4 Nb6
15. Be2 Nxd5 16. Qc2 Qe7 17. Bd2 Be5 18. Bf3 Rfd8 19. Be1 Nf6 20. Qb3 Qc7 21.
Qa3 Bd6 22. Qa4 Qe7 23. Bc3 a6 24. Qb3 Ne8 25. Rd4 Ng7 26. Re4 Qc7 27. Rd1 Bh2+
28. Kh1 Rxd1+ 29. Qxd1 Rd8 30. Qa4 Bd6 31. Qd4 Bf8 32. Qf6 Qd6 33. Qg5 Ne6 34.
Qa5 Bg7 35. Bxg7 Kxg7 36. Bg4 Qc5 37. Qxc5 Nxc5 38. Re7 a5 39. b3 h5 40. Bf3
Kf6 41. Rc7 Rd2 42. a3 Rd7 43. Rxd7 Nxd7 44. h4 Nc5 45. Bd1 Ne4 46. Kg1 Nc3 47.
Bc2 Nb5 48. a4 Nd6 49. Kf1 Ke5 50. Ke2 Kd5 51. Kd2 b5 52. f3 bxa4 53. bxa4 Kc4
54. g4 hxg4 55. fxg4 Kb4 56. h5 Nc4+ 57. Ke2 gxh5 58. gxh5 Ne5 59. h6 f6 60. h7
Nf7 61. Kd3 c5 62. Bd1 f5 63. Bc2 Ne5+ 64. Kd2 Nf7 65. Bxf5 c4 66. e4 Kb3 67.
e5 c3+ 68. Kc1 1-0

[Event "SWE-chB"]
[Site "Stockholm"]
[Date "2017.07.10"]
[Round "3"]
[White "Ernst, Thomas"]
[Black "Thorn, Eric"]
[Result "1/2-1/2"]
[WhiteElo "2381"]
[BlackElo "2325"]
[PlyCount "114"]
[EventDate "2017.07.08"]
[EventType "tourn"]
[EventRounds "9"]
[EventCountry "SWE"]
[EventCategory "4"]
[SourceTitle "EXT 2018"]
[Source "ChessBase"]
[SourceDate "2017.10.13"]
[SourceVersion "1"]
[SourceVersionDate "2017.10.13"]
[SourceQuality "1"]
1. e4 e5 2. Nf3 Nc6 3. Bb5 a6 4. Ba4 Nf6 5. O-O Be7 6. Re1 b5 7. Bb3 O-O 8. c3
d6 9. h3 Na5 10. Bc2 c5 11. d4 Qc7 12. Nbd2 cxd4 13. cxd4 Nc6 14. Nb3 a5 15.
Be3 a4 16. Nbd2 Bd7 17. Rc1 Qb7 18. a3 Bd8 19. Bd3 Re8 20. Qe2 Ba5 21. d5 Ne7
22. Bg5 Ng6 23. g3 Kh8 24. Kg2 Ng8 25. Red1 h6 26. Be3 Rac8 27. Nb1 Rxc1 28.
Rxc1 f5 29. Ng5 Rf8 30. Bd2 Bd8 31. exf5 Bxf5 32. Nc3 Bxg5 33. Bxg5 Bxd3 34.
Qxd3 Qf7 35. Be3 Qf3+ 36. Kg1 Nf4 37. Qf1 Nxd5 38. Nxd5 Qxd5 39. Rc7 Nf6 40.
Qc1 Rf7 41. Rc8+ Kh7 42. Qc2+ Qe4 43. Qxe4+ Nxe4 44. Rb8 d5 45. Rxb5 d4 46.
Rxe5 dxe3 47. Rxe4 Rxf2 48. Rxe3 Rxb2 49. Re4 Rb3 50. Rxa4 Rxg3+ 51. Kh2 Rb3
52. Ra6 g5 53. Kg2 h5 54. a4 Rb2+ 55. Kg3 Rb3+ 56. Kg2 Rb2+ 57. Kg3 Rb3+
1/2-1/2

[Event "SWE-chB"]
[Site "Stockholm"]
[Date "2017.07.10"]
[Round "3"]
[White "Von Bahr, Oskar"]
[Black "Eriksson, Johan"]
[Result "1/2-1/2"]
[WhiteElo "2423"]
[BlackElo "2391"]
[PlyCount "91"]
[EventDate "2017.07.08"]
[EventType "tourn"]
[EventRounds "9"]
[EventCountry "SWE"]
[EventCategory "4"]
[SourceTitle "EXT 2018"]
[Source "ChessBase"]
[SourceDate "2017.10.13"]
[SourceVersion "1"]
[SourceVersionDate "2017.10.13"]
[SourceQuality "1"]
1. e4 c5 2. Nf3 d6 3. Bb5+ Bd7 4. Bxd7+ Qxd7 5. c4 Nf6 6. Nc3 g6 7. d4 cxd4 8.
Nxd4 Bg7 9. O-O O-O 10. h3 Rc8 11. b3 d5 12. Nxd5 Nxe4 13. Ba3 Nc5 14. Qf3 Bxd4
15. Rad1 Bg7 16. Rfe1 e5 17. Bxc5 Rxc5 18. Nf6+ Bxf6 19. Qxf6 Rc6 20. Qxe5 Qc8
21. Qe8+ Qxe8 22. Rxe8+ Kg7 23. Rdd8 b5 24. cxb5 Rb6 25. a4 a6 26. b4 Kf6 27.
g4 axb5 28. a5 Re6 29. f4 h5 30. Kf2 hxg4 31. hxg4 Rxe8 32. Rxe8 g5 33. f5 Kg7
34. Ke3 f6 35. a6 Rxa6 36. Rxb8 Ra3+ 37. Ke4 Rg3 38. Rxb5 Rxg4+ 39. Kd5 Rf4 40.
Rb7+ Kh6 41. Ke6 g4 42. Kxf6 g3 43. Rb8 Kh7 44. Rb7+ Kh6 45. Rb8 Kh7 46. Rb7+
1/2-1/2

[Event "SWE-chB"]
[Site "Stockholm"]
[Date "2017.07.10"]
[Round "3"]
[White "Johansson, Jan"]
[Black "Rosberg, Simon"]
[Result "1/2-1/2"]
[WhiteElo "2341"]
[BlackElo "2309"]
[PlyCount "48"]
[EventDate "2017.07.08"]
[EventType "tourn"]
[EventRounds "9"]
[EventCountry "SWE"]
[EventCategory "4"]
[SourceTitle "EXT 2018"]
[Source "ChessBase"]
[SourceDate "2017.10.13"]
[SourceVersion "1"]
[SourceVersionDate "2017.10.13"]
[SourceQuality "1"]
1. d4 d5 2. Nf3 Nf6 3. c4 c6 4. Qc2 g6 5. Bf4 dxc4 6. Qxc4 Be6 7. Qc2 Bf5 8.
Qb3 Qb6 9. Nc3 Bg7 10. e3 Nbd7 11. h3 Nd5 12. Nxd5 cxd5 13. Qxb6 Nxb6 14. Bb5+
Bd7 15. Bd3 Rc8 16. b3 O-O 17. Ke2 f6 18. Rac1 Rfe8 19. Rxc8 Nxc8 20. e4 e5 21.
dxe5 fxe5 22. Bg3 Nd6 23. Nd2 dxe4 24. Nxe4 Nxe4 1/2-1/2

[Event "SWE-chB"]
[Site "Stockholm"]
[Date "2017.07.10"]
[Round "3"]
[White "Ornstein, Axel"]
[Black "Ask, Josef"]
[Result "1-0"]
[WhiteElo "2356"]
[BlackElo "2120"]
[PlyCount "82"]
[EventDate "2017.07.08"]
[EventType "tourn"]
[EventRounds "9"]
[EventCountry "SWE"]
[EventCategory "4"]
[SourceTitle "EXT 2018"]
[Source "ChessBase"]
[SourceDate "2017.10.13"]
[SourceVersion "1"]
[SourceVersionDate "2017.10.13"]
[SourceQuality "1"]
1. d4 Nf6 2. c4 g6 3. g3 Bg7 4. Bg2 O-O 5. Nc3 d6 6. Nf3 Nbd7 7. h3 e5 8. e4 c6
9. O-O Qa5 10. d5 cxd5 11. cxd5 b5 12. Nd2 b4 13. Nb3 Qd8 14. Ne2 a5 15. a3
bxa3 16. Rxa3 a4 17. Be3 Ba6 18. Nd2 Qb8 19. Rxa4 Bd3 20. Rxa8 Qxa8 21. Re1 Rb8
22. Nc1 Bb5 23. Qc2 Rc8 24. Qb1 Nc5 25. b4 Na4 26. Na2 Nd7 27. Rc1 Ndb6 28.
Rxc8+ Qxc8 29. Qc1 Qd7 30. Nc3 Qc8 31. Ndb1 Bd3 32. Nxa4 Qxc1+ 33. Bxc1 Nxa4
34. Nd2 Nc3 35. Bf1 Ne2+ 36. Bxe2 Bxe2 37. Nb1 f5 38. Nc3 Bf3 39. b5 Bf6 40. b6
Bd8 41. Be3 Be2 1-0

[Event "SWE-chB"]
[Site "Stockholm"]
[Date "2017.07.09"]
[Round "2"]
[White "Rosberg, Simon"]
[Black "Ornstein, Axel"]
[Result "1-0"]
[WhiteElo "2309"]
[BlackElo "2356"]
[PlyCount "49"]
[EventDate "2017.07.08"]
[EventType "tourn"]
[EventRounds "9"]
[EventCountry "SWE"]
[EventCategory "4"]
[SourceTitle "EXT 2018"]
[Source "ChessBase"]
[SourceDate "2017.10.13"]
[SourceVersion "1"]
[SourceVersionDate "2017.10.13"]
[SourceQuality "1"]
1. c4 c5 2. Nc3 Nf6 3. Nf3 e6 4. g3 b6 5. Bg2 Bb7 6. O-O Be7 7. b3 O-O 8. Bb2
d6 9. e3 Nbd7 10. d4 Ne4 11. d5 Nxc3 12. Bxc3 exd5 13. cxd5 Bf6 14. Bxf6 Nxf6
15. Nh4 Re8 16. Re1 b5 17. e4 Rc8 18. h3 c4 19. Qd4 Rc7 20. Nf5 Bc8 21. Nxd6
Qxd6 22. e5 Qb6 23. exf6 Bd7 24. Qg4 Qxf6 25. Qxd7 1-0

[Event "SWE-chB"]
[Site "Stockholm"]
[Date "2017.07.09"]
[Round "2"]
[White "Thorn, Eric"]
[Black "Johansson, Jan"]
[Result "1/2-1/2"]
[WhiteElo "2325"]
[BlackElo "2341"]
[PlyCount "62"]
[EventDate "2017.07.08"]
[EventType "tourn"]
[EventRounds "9"]
[EventCountry "SWE"]
[EventCategory "4"]
[SourceTitle "EXT 2018"]
[Source "ChessBase"]
[SourceDate "2017.10.13"]
[SourceVersion "1"]
[SourceVersionDate "2017.10.13"]
[SourceQuality "1"]
1. d4 g6 2. c4 Bg7 3. Nc3 d6 4. Nf3 Nc6 5. d5 Ne5 6. Nxe5 Bxe5 7. e4 e6 8. Bd3
Nf6 9. Bg5 h6 10. Bh4 g5 11. Bg3 Bxc3+ 12. bxc3 e5 13. h4 Rg8 14. hxg5 hxg5 15.
c5 Nd7 16. Bb5 Kf8 17. Bxd7 Qxd7 18. Rh7 Qg4 19. Qxg4 Bxg4 20. f3 Bc8 21. c4 b6
22. c6 Ba6 23. Rc1 Ke7 24. Rc3 Kf6 25. Kd2 Kg6 26. Rh1 Bc8 27. Bf2 a5 28. g4
Ba6 29. Rcc1 Rh8 30. Kc3 Rab8 31. a4 f6 1/2-1/2

[Event "SWE-chB"]
[Site "Stockholm"]
[Date "2017.07.09"]
[Round "2"]
[White "Ask, Josef"]
[Black "Akesson, Ralf"]
[Result "1/2-1/2"]
[WhiteElo "2120"]
[BlackElo "2435"]
[PlyCount "68"]
[EventDate "2017.07.08"]
[EventType "tourn"]
[EventRounds "9"]
[EventCountry "SWE"]
[EventCategory "4"]
[SourceTitle "EXT 2018"]
[Source "ChessBase"]
[SourceDate "2017.10.13"]
[SourceVersion "1"]
[SourceVersionDate "2017.10.13"]
[SourceQuality "1"]
1. e4 c6 2. Be2 d5 3. e5 c5 4. f4 Nc6 5. Nf3 Bg4 6. d3 e6 7. Be3 Nh6 8. c3 f6
9. exf6 Qxf6 10. Ng5 Nf5 11. Bf2 Bxe2 12. Qxe2 O-O-O 13. O-O Re8 14. Qg4 Bd6
15. Nd2 Nh6 16. Qh3 Bxf4 17. Bh4 Ne5 18. Rae1 Qf5 19. Rxf4 Qxf4 20. Nxe6 Qxd2
21. Rxe5 Qd1+ 22. Re1 Qg4 23. Qe3 b6 24. Qe5 Rxe6 25. Qxe6+ Qxe6 26. Rxe6 Rf8
27. h3 Nf5 28. Bf2 Kd7 29. Re5 Kd6 30. Re2 h5 31. g4 hxg4 32. hxg4 Ne7 33. Bg3+
Kd7 34. Rf2 Rf6 1/2-1/2

[Event "SWE-chB"]
[Site "Stockholm"]
[Date "2017.07.09"]
[Round "2"]
[White "Engqvist, Thomas"]
[Black "Von Bahr, Oskar"]
[Result "1-0"]
[WhiteElo "2347"]
[BlackElo "2423"]
[PlyCount "47"]
[EventDate "2017.07.08"]
[EventType "tourn"]
[EventRounds "9"]
[EventCountry "SWE"]
[EventCategory "4"]
[SourceTitle "EXT 2018"]
[Source "ChessBase"]
[SourceDate "2017.10.13"]
[SourceVersion "1"]
[SourceVersionDate "2017.10.13"]
[SourceQuality "1"]
1. Nf3 Nf6 2. b3 g6 3. Bb2 Bg7 4. g3 O-O 5. Bg2 c5 6. c4 d5 7. cxd5 Nxd5 8.
Bxg7 Kxg7 9. O-O Qa5 10. Qc2 Nc6 11. Rc1 b6 12. d4 Nxd4 13. Nxd4 cxd4 14. Qc4
e6 15. b4 Qa6 16. Qxd4+ Kg8 17. e4 Ne7 18. Rc7 Re8 19. Rxe7 Rxe7 20. Qd8+ Kg7
21. Qxe7 Qe2 22. Qc7 Ba6 23. Qc3+ Kg8 24. Qd2 1-0

[Event "SWE-chB"]
[Site "Stockholm"]
[Date "2017.07.09"]
[Round "2"]
[White "Eriksson, Johan"]
[Black "Ernst, Thomas"]
[Result "1/2-1/2"]
[WhiteElo "2391"]
[BlackElo "2381"]
[PlyCount "119"]
[EventDate "2017.07.08"]
[EventType "tourn"]
[EventRounds "9"]
[EventCountry "SWE"]
[EventCategory "4"]
[SourceTitle "EXT 2018"]
[Source "ChessBase"]
[SourceDate "2017.10.13"]
[SourceVersion "1"]
[SourceVersionDate "2017.10.13"]
[SourceQuality "1"]
1. d4 Nf6 2. c4 e6 3. Nc3 Bb4 4. f3 d5 5. a3 Bxc3+ 6. bxc3 c5 7. cxd5 Nxd5 8.
dxc5 Qa5 9. e4 Ne7 10. Be3 O-O 11. Qb3 Qc7 12. Bb5 Nec6 13. Ne2 Na5 14. Qb4 e5
15. O-O Be6 16. Nd4 exd4 17. cxd4 Nbc6 18. Qc3 Nb3 19. Rab1 Nbxd4 20. Bxd4 Nxd4
21. Qxd4 Rac8 22. Rfc1 Rfd8 23. Qe3 Qa5 24. Bf1 Rc7 25. Rb5 Qd2 26. Qxd2 Rxd2
27. Ra5 a6 28. c6 Rd8 29. Rac5 b6 30. R5c3 b5 31. Rc5 Kf8 32. a4 bxa4 33. Ra5
Bb3 34. Rxa6 Rd1 35. Rxd1 Bxd1 36. Bb5 Ke7 37. Kf2 Kd6 38. Bxa4 Bxa4 39. Rxa4
Rxc6 40. g4 g5 41. Ra5 h6 42. Kg3 Ke7 43. h4 Kf6 44. Rf5+ Kg6 45. h5+ Kg7 46.
Kf2 Rc3 47. Rd5 Ra3 48. Ke2 Rb3 49. Rd3 Rxd3 50. Kxd3 Kf6 51. Kd4 Ke6 52. e5 f6
53. exf6 Kxf6 54. Kd5 Kf7 55. Kd6 Kf6 56. Kd5 Kf7 57. Ke5 Ke7 58. Kf5 Kf7 59.
Ke5 Ke7 60. Kd5 1/2-1/2